Les forgerons / (Registro nro. 165629)
[ vista simple ]
| 000 -LEADER | |
|---|---|
| campo de control de longitud fija | 00777nam a22001935i 4500 |
| 001 - NÚMERO DE CONTROL | |
| campo de control | 165629 |
| 003 - IDENTIFICADOR DE NÚMERO DE CONTROL | |
| campo de control | ES-MaACL |
| 005 - FECHA Y HORA DE LA ÚLTIMA TRANSACCIÓN | |
| campo de control | 20250703063542.0 |
| 008 - DATOS DE LONGITUD FIJA--INFORMACIÓN GENERAL | |
| campo de control de longitud fija | 050905s1858 fr | |||||||| ||fre d |
| 040 ## - FUENTE DE CATALOGACIÓN | |
| Centro catalogador/agencia de origen | CAM |
| Lengua de catalogación | spa |
| Centro/agencia transcriptor | CAM |
| 100 1# - ENTRADA PRINCIPAL--NOMBRE DE PERSONA | |
| Nombre de persona | Soulié, Frédéric, |
| Fechas asociadas al nombre | 1800-1847 |
| 9 (RLIN) | 107564 |
| 245 14 - MENCIÓN DEL TÍTULO | |
| Título | Les forgerons / |
| Mención de responsabilidad, etc. | par Frédéric Soulié. |
| 260 ## - PUBLICACIÓN, DISTRIBUCIÓN, ETC. | |
| Lugar de publicación, distribución, etc. | Paris : |
| Nombre del editor, distribuidor, etc. | Michel Lévy frères libraires-éditeurs, |
| Fecha de publicación, distribución, etc. | 1858 ( |
| Lugar de fabricación/manufactura | Saint-Germain-en-Laye : |
| Fabricante | Imprimerie de Beau) |
| 300 ## - DESCRIPCIÓN FÍSICA | |
| Extensión | 308 p. ; |
| Dimensiones | 18 cm. |
| 490 1# - MENCIÓN DE SERIE | |
| Mención de serie | Collection Michel Lévy. Oeuvres complètes de Frédéric Soulié |
| 830 0# - PUNTO DE ACCESO ADICIONAL DE SERIE-TÍTULO UNIFORME | |
| Título uniforme | Collection Michel Lévy. Oeuvres complètes de Frédéric Soulié |
| 9 (RLIN) | 188559 |
| 852 ## - LOCALIZACIÓN | |
| Ubicación | ES-MaACL |
| Número de control de estantería | D-1438 |
| Nota libre | -- Enc. hol. |
| -- | -- Legado M. de la Fuente |
| Estatus retirado | Estado de pérdida | Estado de daño | No para préstamo | Colección | Biblioteca de origen | Biblioteca actual | Ubicación en estantería | Fecha de adquisición | Fuente de adquisición | Total de préstamos | Signatura topográfica completa | Código de barras | Visto por última vez | Precio de reemplazo | Tipo de ítem Koha |
|---|---|---|---|---|---|---|---|---|---|---|---|---|---|---|---|
| Libros del s. XIX | Biblioteca del Ateneo de Madrid | Biblioteca del Ateneo de Madrid | Sala Valle Inclán | 17/01/2008 | D-1438 | 901173699 | 23/02/2023 | 23/02/2023 | Libro impreso antiguo |
